|
|
|
|
| LEADER |
00000nab a2200000 a 4500 |
| 001 |
vtls000799016 |
| 003 |
SK-MaSNL |
| 005 |
20260304115056.0 |
| 008 |
250429c2002 xo 0 slo |
| 015 |
|
|
|a SNBRB2002/07-22083
|
| 035 |
|
|
|a CLN000150671
|
| 035 |
|
|
|a urn:nbn:sk:snk-ab73pm
|
| 035 |
|
|
|a (uuid)4aff0017-6383-49ea-bdd0-b673985aebeb
|
| 035 |
|
|
|a (urnnbn)urn:nbn:sk:snk:ar-a06s67
|
| 035 |
|
|
|a (sysno)vtls000799016
|
| 040 |
|
|
|a SNKBUCL
|b slo
|c SNKBUCL
|e AACR2
|
| 041 |
0 |
|
|a slo
|
| 044 |
|
|
|a xo
|c SK
|
| 080 |
|
|
|a 331.215.5:340.133
|2 1997
|
| 100 |
1 |
|
|a Ďurecová, Mária
|4 aut
|9 849158
|
| 245 |
1 |
0 |
|a Minimálne mzdové nároky od 1. apríla 2002
|c Mária Ďurecová
|
| 650 |
0 |
7 |
|a mzda minimálna
|x úpravy právne
|2 snkbucl
|9 1421004
|
| 655 |
|
7 |
|a články z novín a časopisov
|2 snkbucl
|9 267496
|
| 773 |
0 |
|
|t Dane a účtovníctvo v praxi
|g Roč. 7, č. 6 (2002), s. 56-58
|x 1335-7034
|
| 850 |
|
|
|a Slovenská národná knižnica
|
| 852 |
|
|
|a Slovenská národná knižnica
|
| 954 |
|
|
|a odborná, vedecká literatúra pôvodná (slovenská)
|2 lita
|
| 958 |
|
|
|a article27
|
| 958 |
|
|
|a OND
|
| 958 |
|
|
|a EUIPO
|
| 992 |
|
|
|a RBX
|
| 999 |
|
|
|c 2874813
|d 2876743
|